| 000 | 01101nam a2200349 c 4500 | ||
|---|---|---|---|
| 999 |
_c19105 _d19105 |
||
| 001 | 19105 | ||
| 003 | ES-MaCES | ||
| 005 | 20190723111757.0 | ||
| 008 | 060721s2005 sp d t 000 | spa d | ||
| 035 | _aCES20060009324m | ||
| 040 |
_aES-MaCES _bspa _cES-MaCES |
||
| 245 | 0 | 0 |
_aFormas de financiación de los emprendedores españoles _b: efecto en su crecimiento y empleo : [Programa FSE-EOI] |
| 260 |
_a[Madrid] _bEOI _c2005 |
||
| 300 |
_a98 h. _bgráf. _c30 cm |
||
| 504 | _aBibliografía: h. 97-98 | ||
| 541 | _cGratuito | ||
| 650 | 4 |
_aempresario _928188 |
|
| 650 | 4 |
_apequeña empresa _930173 |
|
| 650 | 4 |
_afinanciación _928125 |
|
| 650 | 4 |
_ametodo de financiación _930750 |
|
| 650 | 4 |
_abanco _928104 |
|
| 650 | 4 |
_aconsecuencias económicas _927082 |
|
| 650 | 4 |
_aempleo _928299 |
|
| 650 | 4 |
_aEspaña _926964 |
|
| 650 | 4 |
_930601 _aestrategia empresarial |
|
| 650 | 4 |
_930761 _asector financiero |
|
| 653 | 1 | 0 | _aEmpresa |
| 710 | 2 |
_aEscuela de Organización Industrial _eed. _92702 |
|
| 902 | _aLIB Libro | ||
| 942 |
_2CES _cBK _h0.0. |
||